| 000 | 00832nam a22002297a 4500 | ||
|---|---|---|---|
| 999 |
_c4850 _d4850 |
||
| 003 | AR-CdUCM | ||
| 008 | 190311b ||||| |||| 00| 0 spa d | ||
| 040 |
_aMUNICIPALIDAD PROVINCIAL DEL CUSCO _cBIBLIOTECA MUNICIPAL DEL CUSCO |
||
| 082 |
_a305.42 / _bC75 |
||
| 110 |
_aConsejo Provincial de Lima, _914919 |
||
| 245 | _aCronica / | ||
| 260 |
_aLima : _bMercagraph, _c1959. |
||
| 300 |
_a182 paginas ; _bIlustraciones en color, _c17 cm. |
||
| 440 |
_aColección _n6 _914939 |
||
| 505 | _aEl baile de la victoria -- El primer reloj publico de lima -- El solar del conquistador -- La virreina gobernadora -- La plazuela de la salud... | ||
| 650 |
_aCronica _9637 |
||
| 650 |
_aHistoria Peruana _91316 |
||
| 650 |
_aAntología peruana _95589 |
||
| 710 |
_aConsejo Provincial de Lima, _914919 |
||
| 942 |
_2ddc _cLIBROS |
||
| 945 | _awnts | ||